| 000 | 01117cam a2200289 a 4500 | ||
|---|---|---|---|
| 001 | 4937075 | ||
| 003 | OSt | ||
| 005 | 20140310182052.0 | ||
| 008 | 950922s1995 nyua 000 0 eng | ||
| 010 | _a 95206992 | ||
| 040 |
_aDLC _cDLC _dDLC |
||
| 050 | 0 | 0 |
_aBV 4885 _b.K73 1995 |
| 082 |
_aHS 230.992 _bK76 1995 |
||
| 245 | 0 | 0 | _aKnowledge that leads to everlasting life / |
| 260 |
_aBrooklyn, N.Y. : _bWatchtower Bible and Tract Society of New York, International Bible Students Association, _cc1995. |
||
| 300 |
_a191 p. : _bcol. ill. ; _c17 cm. |
||
| 562 | _eFor circulation. 1 copy available in the collection. | ||
| 650 | 0 |
_aChristian life _xJehovah's Witnesses authors _xMiscellanea. _912161 |
|
| 650 | 0 |
_aChristian life _xBiblical teaching. _912162 |
|
| 650 | 0 |
_aGod _xKnowableness _xBiblical teaching. _912163 |
|
| 710 | 2 |
_aWatchtower Bible and Tract Society of New York. _912164 |
|
| 710 | 2 |
_aInternational Bible Students Association. _912165 |
|
| 906 |
_a7 _bcbc _corignew _d3 _encip _f19 _gy-gencatlg |
||
| 942 | _2lcc | ||
| 999 |
_c9015 _d9015 |
||